Le petit manuel du script-docteur : L'essentiel pour sauver et booster un scénario (notice n° 1960785)
[ vue normale ]
| 000 -LEADER | |
|---|---|
| fixed length control field | 01500cam a2200145 4500500 |
| 005 - DATE AND TIME OF LATEST TRANSACTION | |
| control field | 20260329034101.0 |
| 041 ## - LANGUAGE CODE | |
| Language code of text/sound track or separate title | fre |
| 042 ## - AUTHENTICATION CODE | |
| Authentication code | dc |
| 100 10 - MAIN ENTRY--PERSONAL NAME | |
| Personal name | Louveau, Marc-Olivier |
| Relator term | author |
| 245 00 - TITLE STATEMENT | |
| Title | Le petit manuel du script-docteur : L'essentiel pour sauver et booster un scénario |
| 260 ## - PUBLICATION, DISTRIBUTION, ETC. | |
| Name of publisher, distributor, etc. | Armand Colin,<br/> |
| Date of publication, distribution, etc. | 2020.<br/> |
| 520 ## - SUMMARY, ETC. | |
| Summary, etc. | Pour répondre aux besoins grandissants d’histoires, auteurs, producteurs et distributeurs font appel aux script-docteurs, des acteurs de plus en plus essentiels dans le processus de création des films et des séries.Auscultation, diagnostic et prescription : ce manuel synthétique et pratique aborde toutes les étapes du script-doctoring, un métier qui exige un sens réel du récit, une bonne intuition et une connaissance approfondie de la psychologie, de la dramaturgie et des différentes techniques de narration. La première partie met en lumière les points clés du métier, la deuxième propose une méthode de travail complète pour optimiser un scénario, la troisième applique cette méthodologie en travaillant directement sur un scénario de moyen métrage. Illustré par des exemples variés d’œuvres, ce livre vous permet de découvrir et de mettre en application les outils du script-docteur, pour analyser et améliorer n’importe quel scénario, y compris le vôtre. |
| 700 10 - ADDED ENTRY--PERSONAL NAME | |
| Personal name | Jabon, Luc |
| Relator term | author |
| 856 41 - ELECTRONIC LOCATION AND ACCESS | |
| Uniform Resource Identifier | <a href="https://shs.cairn.info/le-petit-manuel-du-script-docteur--9782200625382?lang=fr&redirect-ssocas=7080">https://shs.cairn.info/le-petit-manuel-du-script-docteur--9782200625382?lang=fr&redirect-ssocas=7080</a> |
Pas d'exemplaire disponible.




Réseaux sociaux